000 01290nam a2200253 i 4500
001 163678
003 ES-MaACL
005 20250824202956.0
008 931025s1891 sp |||| | spa d
100 1 _aRocha, Diego Andrés.
_9131910
245 1 0 _aTratado único y singular del origen de los indios del Perú, Méjico, Santa Fé y Chile /
_cpor el Dr. Diego Andrés Rocha.
260 _aMadrid :
_b[s.n.],
_c1891 (
_fen la imp. de Cayetano García y Tomás Minuesa)
300 _a2 v. (XIV, 222 p. ; 218 p.) ;
_c18 cm.
490 1 _aColección de libros raros o curiosos que tratan de América ;
_v3-4
510 4 _aPalau,
_c271818
530 _aDisponible también en sitio web.
596 _aEl v. 2 se imprime en la de Minuesa.
650 0 4 _aIndios de América-
_xOrigen.
_913673
830 0 0 _aColección de libros raros o curiosos que tratan de América
_v3-4
_9188448
852 _aES-MaACL
_jR-2960-79
_z-- Enc. pasta española
_x Olim:D-3069-88
856 _uhttp://bibliotecadigitalhispanica.bne.es:80/webclient/DeliveryManager?pid=3658452&custom_att_2=simple_viewer
_zIr a la página
856 _uhttp://bibliotecadigitalhispanica.bne.es:80/webclient/DeliveryManager?pid=3658453&custom_att_2=simple_viewer
_zIr a la página
999 _c163678
_d163678